Completa il Proverbio - Quiz n°6 - Statistics

Statistiche generali
  • Questo quiz è stato fatto 391 volte
  • Il punteggio medio è 11 su 15
Statistiche sulle risposte
Proverbio Parola mancante % Corretto
Chi ____ non piglia pesci Dorme
99%
Il lupo perde il pelo ma non il ____ Vizio
98%
Ogni bel gioco ___ poco Dura
97%
Nella botte piccola c'è il buon ___ Vino
94%
Gioco di mano, gioco di _____ Villano
82%
Meglio ____ che niente Poco
79%
Una ______ non fa primavera Rondine
78%
Domandare è lecito, _________ è cortesia Rispondere
76%
_____ non nuoce Tentar
75%
Il letto si chiama rosa, se non si dorme si _____ Riposa
72%
Chi è causa del suo mal ______ se stesso Pianga
71%
_____ cheta rompe i ponti Acqua
65%
Bisogna fare di necessità ____ Virtù
59%
Per la santa Candelora dell'inverno siamo fora, ma se piove o tira vento, dell'______ siamo dentro Inverno
47%
A San Martino ogni ____ è vino Mosto
16%
Nessun quiz corrispondente trovato
Distribuzione punteggi
Percentuale di utenti per punteggio
Percentile per numero di risposta
I tuoi punteggi nel tempo
Non hai fatto questo quiz